Vista completa de documento

FMT SE
LDR 00605nas  2200181ui 4500
001 000104440
005 20130422124329.0
008 950913c19959999xxkfr p       0    0eng  
022 |a 1066-8934
098 |a R7 |e Sistemas de información y bases de datos
098 |a R01 |e Obras de referencia de informática
24500 |a Gale directory of databases.
260 |a Hampshire : |b Gale Research International, |c 1995-.
310 |a Semestral
3621 |a 1995-
500 |a Se publica en 2 vols.
547 |a Hasta 1992 (1993 y 1994 no se publicaron) se llamo Directory of online databases
035 |a (OCoLC)1337674298 |z OCOLC1337674298
866 |b Biblioteca |a 1995-1er. semestre 1998
TYP |a Revista
SYS 000104440

2013 Banco de España, Madrid, España. Reservados todos los derechos
Basado en Ex Libris (© 2009 Ex Libris)

Contacto